| 000 -LEADER | |
|---|---|
| fixed length control field | 00339nam a22001457a 4500 |
| 005 - DATE AND TIME OF LATEST TRANSACTION | |
| control field | 20161022151753.0 |
| 008 - FIXED-LENGTH DATA ELEMENTS--GENERAL INFORMATION | |
| fixed length control field | 161022b xxu||||| |||| 00| 0 eng d |
| 041 ## - LANGUAGE CODE | |
| Language code of text/sound track or separate title | eng |
| 100 ## - MAIN ENTRY--AUTHOR NAME | |
| Personal name | BISWAS,D |
| 245 ## - TITLE STATEMENT | |
| Title | ROCK MECHANICS AND GROUND CONTROL |
| 260 ## - PUBLICATION, DISTRIBUTION, ETC. (IMPRINT) | |
| Name of publisher | LOVELY |
| 300 ## - PHYSICAL DESCRIPTION | |
| Number of Pages | 112 |
| 650 ## - SUBJECT ADDED ENTRY--TOPICAL TERM | |
| Topical Term | MINING ENGINEERING |
| 942 ## - ADDED ENTRY ELEMENTS (KOHA) | |
| Koha item type | Books |
| Lost status | Damaged status | Collection code | Home library | Current library | Shelving location | Date acquired | Source of acquisition | Cost, normal purchase price | Full call number | Accession Number | Koha item type |
|---|---|---|---|---|---|---|---|---|---|---|---|
| MINING | JRU Library | JRU Library | SHELF-94-A | 22/10/2016 | Purchase | 150.00 | 622.28 | 21371 | Books | ||
| MINING | JRU Library | JRU Library | SHELF-94-A | 22/10/2016 | Purchase | 150.00 | 622.28 | 21372 | Books | ||
| MINING | JRU Library | JRU Library | SHELF-94-A | 22/10/2016 | Purchase | 150.00 | 622.28 | 21373 | Books | ||
| MINING | JRU Library | JRU Library | SHELF-94-A | 22/10/2016 | Purchase | 150.00 | 622.28 | 21374 | Books | ||
| Reference | JRU Library | JRU Library | SHELF-7-I | 22/10/2016 | Purchase | 150.00 | 622.28 | 21375 | Books | ||
| MINING | JRU Library | JRU Library | SHELF-59-C | 06/10/2018 | Purchase | 150.00 | 622.28 | 22466 | Books | ||
| MINING | JRU Library | JRU Library | SHELF-94-A | 06/10/2018 | Purchase | 150.00 | 622.28 | 22467 | Books |